| 000 | 00741cab a2200241 4500 | ||
|---|---|---|---|
| 001 | ABS51626 | ||
| 008 | 090401t1994 xxu||||| |||| 00| 0 eng d | ||
| 035 | _a(Sirsi) u35885 | ||
| 041 | _aeng | ||
| 100 | _aRose, J. | ||
| 245 | _aArithmetic v algebra | ||
| 260 | _c1994 | ||
| 350 | _a0 | ||
| 490 |
_aValuer (ISVA) _v63(8) October 1994, 10(1) |
||
| 520 | _aRecommends the use of valuation methods based on discounted cash flow analysis which would reduce valuers` dependence on algebraic calculations or tables. | ||
| 650 | _aDISCOUNTED CASH FLOW TECHNIQUES | ||
| 650 | _aDISCOUNTED CASH FLOW | ||
| 650 | _aVALUATION METHODS | ||
| 650 | _aYEARS PURCHASE | ||
| 690 | _aRATING AND VALUATION | ||
| 942 | _n0 | ||
| 948 | _c04/03/1997 | ||
| 999 |
_c23458 _d23458 |
||